कार्यालयीन पत्र-व्यवहार / (Record no. 97361)

MARC details
000 -LEADER
fixed length control field 00748nam a22001697a 4500
005 - DATE AND TIME OF LATEST TRANSACTION
control field 20190318141945.0
010 ## - LCCN (DPL NO)
LC control number 1819HN15
020 ## - INTERNATIONAL STANDARD BOOK NUMBER
Terms of availability 550.00
International Standard Book Number 9789382196198
037 ## - SOURCE OF ACQUISITION
Source of stock number/acquisition शारदा प्रकाशन
100 ## - MAIN ENTRY--PERSONAL NAME
Personal name स्याल, शान्ति कुमार
245 ## - TITLE STATEMENT
Title कार्यालयीन पत्र-व्यवहार /
Statement of responsibility, etc शान्ति कुमार स्याल
260 ## - PUBLICATION, DISTRIBUTION, ETC. (IMPRINT)
Place of publication, distribution, etc नई दिल्ली
Name of publisher, distributor, etc शारदा प्रकाशन
Date of publication, distribution, etc 2019
270 ## - ADDRESS
Address एफ-3/16, अंसारी रोड, दरियागंज,
City नई दिल्ली
Postal code 110002
300 ## - PHYSICAL DESCRIPTION
Extent 190पृ.
Dimensions 22 सेमी (सजिल्द)
500 ## - GENERAL NOTE
General note AIRPORT
942 ## - ADDED ENTRY ELEMENTS (KOHA)
Item type Hindi Books
Source of classification or shelving scheme Dewey Decimal Classification
Call number suffix स्यालशा
Holdings
Withdrawn status Lost status Not for loan Collection code Home library Current library Date acquired Source of acquisition Cost, normal purchase price Full call number Barcode Copy number Cost, replacement price Koha item type
      Non-fiction Ashok Vihar Ashok Vihar 27/01/2018 TBI/BLTZ17471/24.02.2017/594/17.02.2017/18.03.2017 400.00 651.75 स्यालशा B-668156 1 400.00 Hindi Books
    Not For Loan Non-fiction D.B.Act.Division Bawana 12/09/2016 DBAD/PUB 400.00 651.75 स्यालशा HN-81491 1 400.00 Hindi Books
      Non-fiction Central Library Central Library 09/06/2016 TBI/VEN/BLTZ-15505/8.12.15/182/30.11.15/20.1.16 400.00 651.75 स्यालशा B-619180 1 400.00 Hindi Books
      Non-fiction Janak Puri Janak Puri 09/06/2016 TBI/VEN/BLTZ-15505/8.12.15/182/30.11.15/20.1.16 400.00 651.75 स्यालशा B-619182 1 400.00 Hindi Books
      Non-fiction Karol Bagh Karol Bagh 09/06/2016 TBI/VEN/BLTZ-15505/8.12.15/182/30.11.15/20.1.16 400.00 651.75 स्यालशा B-619183 1 400.00 Hindi Books
      Non-fiction Patel Nagar Patel Nagar 09/06/2016 TBI/VEN/BLTZ-15505/8.12.15/182/30.11.15/20.1.16 400.00 651.75 स्यालशा B-619181 1 400.00 Hindi Books

© Delhi Public Library
Hit Counter
free hit counter